000 00636nam a2200217 a 4500
005 20240113063651.0
008 010711s19901997mx r 000 0 spa d
020 _a9682435323
035 _aUPN01000109489
049 _aCG
050 4 _aHM258
_bP5.4
100 1 _aPiccini, Mabel
_929854
245 1 0 _aIntroducción a la pedagogía de la comunicación /
_cMabel Piccini, Ana María Nethol.
250 _a2a ed.
260 _aMéxico :
_bTrillas,
_c1990 (1997 impr.).
300 _a141 p.
440 0 _aBiblioteca universitaria básica
650 4 _aComunicación
_99285
700 1 _aNethol, Ana María,
_ecoaut.
905 _aLibro
999 _c83400
_d83400